000
00289nam a22001337a 4500
008
171010b xxu||||| |||| 00| 0 eng d
020
_a
0534010601
041
_a
eng
080
_a
316
100
_a
50
101
_a
SOC
245
_a
TGE SOCIOLOGICAL OUTLOOK
_c
LUHMAN,R
942
_2
udc
_c
BK
999
_c
32977
_d
32977